00426nam a2200157Ia 4500100001500000650002700015942000700042654001500049245002700064260002400091082001000115300000800125546001200133999001700145952010600162 aKukde/S.P  aElectrical Engineering cBK aElectrical aElectrical Engineering bSundar DassaBombay a621.3 a670 aENGLISH c18233d18233 001040708AFTaCRCEbCRCEd2023-03-17g25.00l0o621.3 pAFT1668r2023-03-17v25.00w2023-03-17yBK